[Dictadura 3] [afiche] (Registro nro. 63866)
[ vista simple ]
| 000 -CABECERA | |
|---|---|
| campo de control de longitud fija | 01379nam a22002050a 4500 |
| 001 - NÚMERO DE CONTROL | |
| campo de control | PT36177 |
| 003 - IDENTIFICADOR DEL NÚMERO DE CONTROL | |
| campo de control | AR-LpoUNG |
| 005 - FECHA Y HORA DE LA ÚLTIMA TRANSACCIÓN | |
| campo de control | 20230307152413.0 |
| 007 - CAMPO FIJO DE DESCRIPCIÓN FÍSICA--INFORMACIÓN GENERAL | |
| campo de control de longitud fija | kk ||| |
| 040 ## - FUENTE DE LA CATALOGACIÓN | |
| Centro catalogador/agencia de origen | AR-LpoUNG |
| Lengua de catalogación | spa |
| Centro/agencia transcriptor | AR-LpoUNG |
| Normas de descripción | aacr |
| 082 0# - NÚMERO DE LA CLASIFICACIÓN DECIMAL DEWEY | |
| Número de clasificación | 982.065 687des |
| 245 00 - MENCIÓN DE TÍTULO | |
| Título | [Dictadura 3] [afiche] |
| 300 ## - DESCRIPCIÓN FÍSICA | |
| Extensión | 1 lám. : col. : 53 x 68 cm. |
| 500 ## - NOTA GENERAL | |
| Nota general | El afiche pertenece a la colección de Derechos Humanos del Sr. Carlos Martinez Vidal. El item se encuentra enmarcado y en el mismo se puede leer: "At certain moment, when he was lucid, and one of the men told him that he was going to die, Raul said. "I have had a very good life, with some suffering, but also very beatiful moments that none of you poor men can possibily ever be able to know, and now I am ready for death. - Several days later I had a dream. I dreamt that I was in a clean, quiet country side seated by a clear by a lear stream I was washing my hair. Raul was there he was helping me wash my hair" - "En cierto momento, cuando estaba lúcido, y uno de los hombres le informó que iba a morir, Raúl dijo -"He tenido una muy buena vida, con algo de sufrimiento, pero también con muy lindos momentos que ninguno de ustedes pobres hombres alguna vez podrán conocer, y ahora estoy listo para morir." |
| 650 #4 - PUNTO DE ACCESO ADICIONAL DE MATERIA--TÉRMINO DE MATERIA | |
| Término de materia o nombre geográfico como elemento de entrada | DERECHOS HUMANOS |
| 650 #4 - PUNTO DE ACCESO ADICIONAL DE MATERIA--TÉRMINO DE MATERIA | |
| Término de materia o nombre geográfico como elemento de entrada | DICTADURA |
| 650 #4 - PUNTO DE ACCESO ADICIONAL DE MATERIA--TÉRMINO DE MATERIA | |
| Término de materia o nombre geográfico como elemento de entrada | HISTORIA POLITICA |
| 905 ## - ELEMENTOS DE DATOS E LOCAL, LDE (RLIN) | |
| a | 36177 |
| 942 ## - ELEMENTOS DE PUNTO DE ACCESO ADICIONAL (KOHA) | |
| Tipo de ítem Koha | Afiche |
| Estado de retiro | Estado de pérdida | Estado dañado | No para préstamo | Código de colección | Localización permanente | Ubicación/localización actual | Fecha de adquisición | Total de préstamos | Signatura topográfica completa | Código de barras | Fecha visto por última vez | Precio válido a partir de | Tipo de ítem Koha |
|---|---|---|---|---|---|---|---|---|---|---|---|---|---|
| Colección General | Biblioteca Universidad Nacional de General Sarmiento | Biblioteca Universidad Nacional de General Sarmiento | 07/03/2023 | 982.065 687des | 00044007 | 07/03/2023 | 07/03/2023 | Afiche |